| 000 | 011670000a22001570004500 | ||
|---|---|---|---|
| 090 | _aT B4312s | ||
| 100 | 1 | _aBenavides, Santiago | |
| 245 | 1 | 0 | _aSemilleros de investigación infantil; acercamiento a diversas iniciativas para el fomento de la investigación infantil con miras a la formulación de un proyectos de trabajo en BINCO / Santiago Benavides , Diana Lucia Peñuela , William Urango |
| 260 | _aMedellín : FUSBC | ||
| 300 | _a107 p. | ||
| 502 | _aTesis (Licenciatura en Teología Bíblica) - - Fundación Universitaria Seminario Bíblico de Colombia | ||
| 520 | _aLa biblioteca Infantil Comunitaria continúa en su cometido de convertirse en un puente efectivo y constructivo entre la FUSBC y la comunidad aledaña. En dicho contexto, para BINCO, la búsqueda constante de herramientas y programas pedagógicos es una tarea necesaria; por otra parte, la labor que implica llevar a cabo este proyecto requiere de colaboración de personas capacitadas y sensibles a su misión. | ||
| 650 | 1 | 4 | _aBIBLIOTECAS INFANTILES \ LIBROS Y LECTURA PARA NIÑOS \ EDUCACION - INVESTIGACIONES - NIÑOS \ EDUCACION - INVESTIGACIONES - NIÑOS |
| 001 | 14054 | ||
| 942 | _cBK | ||
| 999 |
_c42967 _d42967 |
||